000 00362nam a2200145Ia 4500
005 20251222152011.0
008 251222s9999||||xx |||||||||||||| ||spa||
020 _a9788415933465
082 _a158/R74
100 _aRodríguez, Félix Gerardo
245 0 _aDe La Depresión a la Vida:
250 _a1ra. ed.
264 _bPasión por los libros
942 _cLIB
999 _c24910
_d24910